<?xml version="1.0" encoding="UTF-8"?>
<record
    xmlns:xsi="http://www.w3.org/2001/XMLSchema-instance"
    xsi:schemaLocation="http://www.loc.gov/MARC21/slim http://www.loc.gov/standards/marcxml/schema/MARC21slim.xsd"
    xmlns="http://www.loc.gov/MARC21/slim">

  <leader>00714nam a22001337a 4500</leader>
  <datafield tag="040" ind1=" " ind2=" ">
    <subfield code="c">RUA</subfield>
  </datafield>
  <datafield tag="082" ind1=" " ind2=" ">
    <subfield code="a">AGR LAC 2014 B579 Or.1</subfield>
  </datafield>
  <datafield tag="100" ind1=" " ind2=" ">
    <subfield code="a">LACH LEANG CHI &#x17A1;&#x17B6;&#x1785; &#x179B;&#x17C0;&#x1784;&#x1787;&#x17B8;</subfield>
  </datafield>
  <datafield tag="245" ind1=" " ind2=" ">
    <subfield code="a">selection of hot pepper varieties for heat tolerance high yeild in dry season  &#x1780;&#x17B6;&#x179A;&#x1787;&#x17D2;&#x179A;&#x17BE;&#x179F;&#x179A;&#x17BE;&#x179F;&#x1796;&#x17BC;&#x1787;&#x1798;&#x17D2;&#x1791;&#x17C1;&#x179F;&#x178A;&#x17C2;&#x179B;&#x1792;&#x1793;&#x17CB;&#x1791;&#x17D2;&#x179A;&#x17B6;&#x17C6;&#x1791;&#x17C5;&#x1793;&#x17B9;&#x1784;&#x1780;&#x17C6;&#x178A;&#x17C5;&#x1798;&#x17B6;&#x1793;&#x1791;&#x17B7;&#x1793;&#x17D2;&#x1793;&#x1795;&#x179B;&#x1781;&#x17D2;&#x1796;&#x179F;&#x17CB; &#x17A0;&#x17BE;&#x1799;&#x179F;&#x1798;&#x179F;&#x17D2;&#x179A;&#x1794;&#x1793;&#x17C5;&#x179B;&#x1780;&#x17D2;&#x1781;&#x1781;&#x178E;&#x17D2;&#x178C;&#x179A;&#x178A;&#x17BC;&#x179C;&#x1794;&#x17D2;&#x179A;&#x17B6;&#x17C6;&#x1784;</subfield>
  </datafield>
  <datafield tag="260" ind1=" " ind2=" ">
    <subfield code="a">phnom penh </subfield>
    <subfield code="b">RUA </subfield>
    <subfield code="c">2014</subfield>
  </datafield>
  <datafield tag="300" ind1=" " ind2=" ">
    <subfield code="a">xi; 31;</subfield>
    <subfield code="b">illl;</subfield>
    <subfield code="c">29cm;</subfield>
  </datafield>
  <datafield tag="856" ind1=" " ind2=" ">
    <subfield code="u">https://drive.google.com/file/d/1jT_EVU7SPKfCCZLqh9YUv3wHdz2IJ40K/view?usp=sharing</subfield>
  </datafield>
  <datafield tag="942" ind1=" " ind2=" ">
    <subfield code="c">AGR</subfield>
  </datafield>
  <datafield tag="999" ind1=" " ind2=" ">
    <subfield code="c">14796</subfield>
    <subfield code="d">14796</subfield>
  </datafield>
  <datafield tag="952" ind1=" " ind2=" ">
    <subfield code="0">0</subfield>
    <subfield code="1">0</subfield>
    <subfield code="2">ddc</subfield>
    <subfield code="4">0</subfield>
    <subfield code="6">AGR_LAC_2014_000000000000000_B579_OR_1</subfield>
    <subfield code="7">0</subfield>
    <subfield code="9">67427</subfield>
    <subfield code="a">LBB</subfield>
    <subfield code="b">LBB</subfield>
    <subfield code="c">B579</subfield>
    <subfield code="d">2017-10-26</subfield>
    <subfield code="o">AGR LAC 2014 B579 Or.1</subfield>
    <subfield code="p">A12375</subfield>
    <subfield code="r">2017-10-26</subfield>
    <subfield code="w">2017-10-26</subfield>
    <subfield code="y">AGR</subfield>
  </datafield>
  <datafield tag="952" ind1=" " ind2=" ">
    <subfield code="0">0</subfield>
    <subfield code="1">0</subfield>
    <subfield code="2">ddc</subfield>
    <subfield code="4">0</subfield>
    <subfield code="6">AGR_LAC_2014_000000000000000_B579_OR_2</subfield>
    <subfield code="7">0</subfield>
    <subfield code="9">67428</subfield>
    <subfield code="a">LBB</subfield>
    <subfield code="b">LBB</subfield>
    <subfield code="c">B579</subfield>
    <subfield code="d">2017-10-26</subfield>
    <subfield code="o">AGR LAC 2014 B579 Or.2</subfield>
    <subfield code="p">A12782</subfield>
    <subfield code="r">2017-10-26</subfield>
    <subfield code="w">2017-10-26</subfield>
    <subfield code="y">AGR</subfield>
  </datafield>
  <datafield tag="952" ind1=" " ind2=" ">
    <subfield code="0">0</subfield>
    <subfield code="1">0</subfield>
    <subfield code="2">ddc</subfield>
    <subfield code="4">0</subfield>
    <subfield code="6">AGR_LAC_2014_000000000000000_B579_OR_3</subfield>
    <subfield code="7">0</subfield>
    <subfield code="9">67429</subfield>
    <subfield code="a">LBB</subfield>
    <subfield code="b">LBB</subfield>
    <subfield code="c">B579</subfield>
    <subfield code="d">2017-10-26</subfield>
    <subfield code="o">AGR LAC 2014 B579 Or.3</subfield>
    <subfield code="p">A12812</subfield>
    <subfield code="r">2017-10-26</subfield>
    <subfield code="w">2017-10-26</subfield>
    <subfield code="y">AGR</subfield>
  </datafield>
  <datafield tag="952" ind1=" " ind2=" ">
    <subfield code="0">0</subfield>
    <subfield code="1">0</subfield>
    <subfield code="2">ddc</subfield>
    <subfield code="4">0</subfield>
    <subfield code="6">AGR_LAC_2014_000000000000000_B579_OR_4</subfield>
    <subfield code="7">0</subfield>
    <subfield code="9">67430</subfield>
    <subfield code="a">LBB</subfield>
    <subfield code="b">LBB</subfield>
    <subfield code="c">B579</subfield>
    <subfield code="d">2017-10-26</subfield>
    <subfield code="o">AGR LAC 2014 B579 Or.4</subfield>
    <subfield code="p">A12602</subfield>
    <subfield code="r">2017-10-26</subfield>
    <subfield code="w">2017-10-26</subfield>
    <subfield code="y">AGR</subfield>
  </datafield>
  <datafield tag="952" ind1=" " ind2=" ">
    <subfield code="0">0</subfield>
    <subfield code="1">0</subfield>
    <subfield code="2">ddc</subfield>
    <subfield code="4">0</subfield>
    <subfield code="6">AGR_LAC_2014_000000000000000_B579_OR_5</subfield>
    <subfield code="7">0</subfield>
    <subfield code="9">67431</subfield>
    <subfield code="a">LBB</subfield>
    <subfield code="b">LBB</subfield>
    <subfield code="c">B579</subfield>
    <subfield code="d">2017-10-26</subfield>
    <subfield code="l">4</subfield>
    <subfield code="o">AGR LAC 2014 B579 Or.5</subfield>
    <subfield code="p">A12416</subfield>
    <subfield code="r">2022-01-24</subfield>
    <subfield code="s">2022-01-19</subfield>
    <subfield code="w">2017-10-26</subfield>
    <subfield code="y">AGR</subfield>
  </datafield>
  <datafield tag="952" ind1=" " ind2=" ">
    <subfield code="0">0</subfield>
    <subfield code="1">0</subfield>
    <subfield code="2">ddc</subfield>
    <subfield code="4">0</subfield>
    <subfield code="6">AGR_LAC_2014_000000000000000_B579_OR_6</subfield>
    <subfield code="7">0</subfield>
    <subfield code="9">67432</subfield>
    <subfield code="a">LBB</subfield>
    <subfield code="b">LBB</subfield>
    <subfield code="c">B579</subfield>
    <subfield code="d">2017-10-26</subfield>
    <subfield code="l">1</subfield>
    <subfield code="o">AGR LAC 2014 B579 Or.6</subfield>
    <subfield code="p">A11680</subfield>
    <subfield code="r">2021-12-06</subfield>
    <subfield code="s">2021-11-26</subfield>
    <subfield code="w">2017-10-26</subfield>
    <subfield code="y">AGR</subfield>
  </datafield>
</record>
